000
00310nam a22001337a 4500
008
181022b xxu||||| |||| 00| 0 eng d
020
_a
9780195059199
041
_a
eng
080
_a
821
100
_a
21
101
_a
GJL
245
_a
Annals of American Literature 1602-1983
_c
Ludwig, R.M
942
_2
udc
_c
BK
999
_c
50538
_d
50538